000 00710nam a2200229 a 4500
001 000033282
003 OSt
005 20201217094249.0
008 110823s1927 dr r 000 0 spa d
040 _aDO-SdBNP
_bspa
_cBNPHU
082 4 _a633.73
_bC263c
_222
100 1 _aCarballo R., Luis
_958895
245 1 0 _aCartilla sobre la siembra y cultivo del café /
_cLuis Carballo R.
260 _aSanto Domingo :
_bDepartamento de Agricultura,
_c1927.
300 _a15 p. ;
_c17 cm.
490 1 _aVulgarización agrícola
590 _aInventariado, 2018/BT
650 4 _aCafé
_xCultivo
_977622
830 0 _aVulgarización agrícola
_922107
910 _aValidado. Control de calidad MFF
942 _2ddc
_cLBS1
999 _c32773
_d32773